000 00516nam a2200181 a 4500
005 20210219153442.0
008 991125n 000 0 u
035 _aUPN01000100793
222 _aCOMUNICACION EDUCATIVA
245 _aSólo podemos mejorar la educación por medio de la capacitación : Arcadio Noguera
300 _a3
362 _a1981 Año 2, no. 12, oct.
653 0 _aCAPACITACION
653 0 _aNOGUERA, ARCADIO
653 0 _aRELACIONES HUMANAS
904 _aAC
_b038604
905 _aArticulo
999 _c77246
_d77246